000 00494nam a2200157Ia 4500
008 090124s9999 xx 000 0 und d
082 _b29290
_a2042
245 _a कौटिलीय अर्थशास्त्र
250 _a3
260 _c1993
300 _a628
630 _a कौटिलीय अर्थशास्त्र
700 _aहिवरगावकर ब. रा.
730 _a कौटिलीय अर्थशास्त्र
942 _cBOOK
999 _c142744
_d142744